Quality Assurance in Higher Education (Record no. 1944)

MARC details
000 -LEADER
fixed length control field 00400nam a2200145Ia 4500
008 - FIXED-LENGTH DATA ELEMENTS--GENERAL INFORMATION
fixed length control field 230312s9999||||xx |||||||||||||| ||und||
020 ## - INTERNATIONAL STANDARD BOOK NUMBER
International Standard Book Number 978-969-417-128
082 ## - DEWEY DECIMAL CLASSIFICATION NUMBER
Classification number 379.15
Item number QUA
245 #0 - TITLE STATEMENT
Title Quality Assurance in Higher Education
260 ## - PUBLICATION, DISTRIBUTION, ETC.
Name of publisher, distributor, etc. Higher Education
Place of publication, distribution, etc. Islamabad
Date of publication, distribution, etc. 2008
300 ## - PHYSICAL DESCRIPTION
Extent 204
546 ## - LANGUAGE NOTE
Language note Eng.
650 ## - SUBJECT ADDED ENTRY--TOPICAL TERM
Topical term or geographic name entry element Management
Form subdivision Introduction , Licensing , Lesson Learned
942 ## - ADDED ENTRY ELEMENTS (KOHA)
Koha item type BOOK
Holdings
Withdrawn status Lost status Source of classification or shelving scheme Damaged status Not for loan Home library Current library Date acquired Total Checkouts Full call number Barcode Date last seen Price effective from Koha item type
    Dewey Decimal Classification     Superior Information Resource Center (SIRC) Superior University - City Campus Superior Information Resource Center (SIRC) Superior University - City Campus 03/13/2023   379.15 QUA 1954 03/13/2023 03/13/2023 BOOK

Powered by Koha